Protein Reviews - Purinergic Receptors Volume 20 /

The Protein Reviews series serves as a publication vehicle for reviews that focus on crucial contemporary and vital aspects of protein structure, function, evolution and genetics. Volume 20, Purinergic Receptors, has ten chapters. The first five chapters deal with various aspects of membrane binding...

Full description

Bibliographic Details
Corporate Author: SpringerLink (Online service)
Other Authors: Atassi, M. Zouhair (Editor, http://id.loc.gov/vocabulary/relators/edt)
Format: Electronic eBook
Language:English
Published: Cham : Springer International Publishing : Imprint: Springer, 2019.
Edition:1st ed. 2019.
Series:Protein Reviews, 1111
Subjects:
Online Access:Full Text via HEAL-Link
LEADER 04639nam a2200457 4500
001 978-3-030-14339-8
003 DE-He213
005 20200203085039.0
007 cr nn 008mamaa
008 200203s2019 gw | s |||| 0|eng d
020 |a 9783030143398  |9 978-3-030-14339-8 
024 7 |a 10.1007/978-3-030-14339-8  |2 doi 
040 |d GrThAP 
050 4 |a QD431-431.7 
072 7 |a PSBC  |2 bicssc 
072 7 |a SCI007000  |2 bisacsh 
072 7 |a PSB  |2 thema 
082 0 4 |a 572.633  |2 23 
245 1 0 |a Protein Reviews - Purinergic Receptors  |h [electronic resource] :  |b Volume 20 /  |c edited by M. Zouhair Atassi. 
250 |a 1st ed. 2019. 
264 1 |a Cham :  |b Springer International Publishing :  |b Imprint: Springer,  |c 2019. 
300 |a VIII, 247 p. 47 illus., 46 illus. in color.  |b online resource. 
336 |a text  |b txt  |2 rdacontent 
337 |a computer  |b c  |2 rdamedia 
338 |a online resource  |b cr  |2 rdacarrier 
347 |a text file  |b PDF  |2 rda 
490 1 |a Protein Reviews,  |x 2520-1891 ;  |v 1111 
505 0 |a The phox homology (PX) domain -- The Modeling of PH domains/phosphoinositides Interactions and beyond -- BAR domain proteins regulate Rho GTPase signaling -- AP180 N-terminal Homology (ANTH) and Epsin N-terminal Homology (ENTH) Domains: Physiological Functions and Involvement in Disease -- Polyphosphoinositide-Binding Domains: Insights from Peripheral Membrane and Lipid-Transfer Proteins -- Physiological functions of phosphoinositide-modifying enzymes and their interacting proteins in Arabidopsis -- Molecular mechanisms of vaspin action - from adipose tissue to skin and bone, from blood vessels to the brain -- Exceptionally selective substrate targeting by the metalloprotease anthrax lethal factor -- Salmonella, E. coli, and Citrobacter type III secretion system effector proteins that alter host innate immunity -- New techniques to study intracellular receptors in living cells: Insights into RIG-I-like receptor signaling. 
520 |a The Protein Reviews series serves as a publication vehicle for reviews that focus on crucial contemporary and vital aspects of protein structure, function, evolution and genetics. Volume 20, Purinergic Receptors, has ten chapters. The first five chapters deal with various aspects of membrane binding. The first chapter focuses on the phox-homology (PX) domain, which is a phosphoinositide-binding domain conserved in all eukaryotes and present in forty-nine human proteins. The next chapter deals with the modeling of PH domains/phosphoinositides interactions. This is followed by a chapter on BAR domain proteins regulate Rho GTPase signaling. The BAR (Bin-Amphiphysin-Rvs) domain is a membrane lipid binding domain present in a wide variety of proteins, often proteins with a role in Rho-regulated signaling pathways. The fourth article presents AP180 N-terminal homology (ANTH) and Epsin N-terminal homology (ENTH) domains and discusses their physiological functions and involvement in disease. The fifth article reviews the polyphosphoinositide-binding domains and presents insights from peripheral membrane and lipid-transfer proteins. This is followed by a chapter on the physiological functions of phosphoinositide-modifying enzymes and their interacting proteins in Arabidopsis, then by a chapter on the molecular mechanisms of Vaspin action in various tissues such as adipose tissue, skin, bone, blood vessels, and the brain. The eighth chapter deals with exceptionally selective substrate targeting by the metalloprotease anthrax lethal factor followed by an article on Salmonella, E. coli, and Citrobacter type III secretion system effector proteins that alter host innate immunity. The last chapter presents New techniques to study intracellular receptors in living cells, with insights into RIG-I-like receptor signaling. Volume 20 is intended for research scientists, clinicians, physicians and graduate students in the fields of biochemistry, cell biology, molecular biology, immunology and genetics. 
650 0 |a Proteins . 
650 1 4 |a Protein Structure.  |0 http://scigraph.springernature.com/things/product-market-codes/L14050 
700 1 |a Atassi, M. Zouhair.  |e editor.  |4 edt  |4 http://id.loc.gov/vocabulary/relators/edt 
710 2 |a SpringerLink (Online service) 
773 0 |t Springer eBooks 
776 0 8 |i Printed edition:  |z 9783030143381 
776 0 8 |i Printed edition:  |z 9783030143404 
776 0 8 |i Printed edition:  |z 9783030143411 
830 0 |a Protein Reviews,  |x 2520-1891 ;  |v 1111 
856 4 0 |u https://doi.org/10.1007/978-3-030-14339-8  |z Full Text via HEAL-Link 
912 |a ZDB-2-SBL 
950 |a Biomedical and Life Sciences (Springer-11642)